Aydınlık Türkiye İçin halk eğitimi (Record no. 7494)

MARC details
000 -BAŞLIK
Sabit Uzunlukta Kontrol Alanı 00849na a2200277 4500
001 - KONTROL NUMARASI
Denetim Alanı 17282
003 - KONTROL NUMARASI IDENTIFIER
Denetim Alanı MIRAKIL
005 - SON İŞLEM TARİHİ VE ZAMANI
Denetim Alanı 20181213155140.0
008 - SABİT-BOY VERİ ELEMANLARI - GENEL BİLGİLER
Sabit Uzunlukta Kontrol Alanı 161023b tu 000 0
020 ## - ULUSLARARASI STANDART KİTAP NUMARASI
Uluslararası Standart Kitap Numarası 9789759876944
035 ## - SİSTEM KONTROL NUMARASI
Sistem Kontrol Numarası 17282
040 ## - KATALOGLAMA KAYNAK
Orijinal Kataloglama Ajansı Milas
Kataloglama Dili tur
Metne Dönüştürmek Ajansı TR-AnCHP
041 ## - DİL KODU
Metin / Ses Parça Veya Ayrı Başlığın Dil Kodu tur
082 ## - DEWEY ONLU SINIFLANDIRMA NUMARASI
Sınıflandırma Numarası 379.209561
Ürün Numarası T96a 2007
090 ## - SINIFLAMA NUMARASI
Sınıflama Numarası 379.209561 T96a 2007
100 ## - ANA GİRİŞ - KİŞİSEL İSİM
Kişisel Ad Türk, Süleyman
245 ## - BAŞLIK TABLOSU
Başlık Aydınlık Türkiye İçin halk eğitimi
Sorumluluk Tablosu, Vb Süleyman Türk, Hikmet Sami Türk
260 ## - YAYIN, DAĞITIM, VB
Yayın, Dağıtım, Vb Yeri Ankara
Yayıncı, Dağıtıcı, Vs Adı TESAV yayınları
Yayın, Dağıtım, Vb Tarihi 2007
300 ## - FİZİKSEL TANIM
Kapsam xxiii, 167 s.
Diğer Fiziksel Ayrıntıları tbl.; grf.
Boyutlar 24 sm.
490 ## - SERİSİ TABLOSU
Seri Beyanı Toplumsal Ekonomik Siyasal Araştırmalar Vakfı (TESAV) yayınları
Hacim / Ardışık Tanımı 30
500 ## - GENEL NOT
Genel Not Yapıt yazarından imzalıdır.
504 ## - KAYNAKÇA VB NOT
Kaynakça Vb Notu Kaynakça var.
650 ## - KONU KATMA GİRİŞ - TOPİKAL DÖNEM
Topikal Süreli Veya Coğrafi Ad Giriş Elemanı Halk eğitimi
Coğrafi Alt Bölümü Türkiye
700 ## - KATMA GİRİŞ - KİŞİSEL İSİM
Kişisel Ad Türk, Hikmet Sami
942 ## - EKLENDİ GİRİŞ ELEMANLARI (KOHA)
Sınıflandırma Veya Raf Düzeni Kaynak Dewey Decimal Classification
Koha Öğesi Türü Books
999 ## - SİSTEM KONTROL NUMARALARI (KOHA)
Koha Biblionumber 7494
Koha Biblioitemnumber 7494
Holdings
Kalıcı Konum Mevcut Konum Edinme Tarihi Edinim Kaynak Toplam Check-Out'Lar Tam Çağrı Numarası Barkod Tarih Son Görülme İtibaren Geçerli Fiyatlar Koha Öğesi Türü Kopya Sayısı
CHP Kütüphanesi CHP Kütüphanesi 10/23/2016 Bağış   379.209561 T96a 2007 007606 10/23/2016 10/23/2016 Books  
CHP Kütüphanesi CHP Kütüphanesi 10/23/2016 Bağış   379.209561 T96a 2007 007663 10/23/2016 10/23/2016 Books k.2